We̢drówki archeologiczne po ziemi łobeskiej
| Titel: | We̢drówki archeologiczne po ziemi łobeskiej : Muzeum Narodowe w Szczecinie ... 19.11.2015 - 15.02.201 = Archaeological tour in Łobez land / Dorota Kozłowska, Sławomir Słowiński; tłumaczenie: Dorota Gonczaronek |
|---|---|
| Verfasser: | ; |
| Beteiligt: | |
| Veröffentlicht: | Szczecin : Muzeum Narodowe w Szczecinie, 2015 |
| Umfang: | 90 Seiten : Illustrationen ; 24 cm |
| Format: | Buch |
| Sprache: | Polnisch; Englisch |
| Schriftenreihe/ mehrbändiges Werk: |
Pomorskie zbiory archeologiczne Muzeum Narodowego w Szczecinie ; Tom 3 |
| RVK-Notation: | |
| ISBN: | 9788363365370 |
| Hinweise zum Inhalt: |
Inhaltsverzeichnis
|
X
alg: 38460148 001A $03004:12-07-16 001B $01999:15-12-25 $t09:27:06.000 001D $03004:11-02-19 001U $0utf8 001X $00 002@ $0Aau 002C $aText $btxt $2rdacontent 002D $aohne Hilfsmittel zu benutzen $bn $2rdamedia 002E $aBand $bnc $2rdacarrier 003@ $0384601480 004D $0978-83-63365-37-0 007A $0BV043660917 $aBVB 007G $0DE020FF562742C76D08BBC12583AE00393A6B 009P $qapplication/pdf $A2 $3Inhaltsverzeichnis $uhttps://scans.hebis.de/HEBCGI/show.pl?38460148_toc.pdf $mV:DE-603;B:DE-Mb50 010@ $apol $aeng 011@ $a2015 021A $aWe̢drówki archeologiczne po ziemi łobeskiej $dMuzeum Narodowe w Szczecinie ... 19.11.2015 - 15.02.201 $fArchaeological tour in Łobez land $hDorota Kozłowska, Sławomir Słowiński; tłumaczenie: Dorota Gonczaronek 028A $BVerfasser $#Skoczka, Dorota Kozłowska- $4aut $7 $8Kozłowska-Skoczka, Dorota [Tnd] $921919873X 028C $BVerfasser $4aut $7 $8Słowiński, Sławomir [Tnu] $9444517170 028C $BÜbersetzer $7 $8Gonczaronek, Dorota [Tnu] $9444517200 033A $pSzczecin $nMuzeum Narodowe w Szczecinie 034D $a90 Seiten 034I $a24 cm 034M $aIllustrationen 036E $aPomorskie zbiory archeologiczne Muzeum Narodowego w Szczecinie $lTom 3 044K $qBVB $RWoiwodschaft Westpommern $#Łobez $74322842-2 $8Labes [Tg1] $9086782517 044K $qBVB $RAusgrabung $RBodendenkmal $#Bodenfund $#Bodenfunde $#Archäologische Funde $74071507-3 $8Funde [Tsz] $9085201480 045F $a930.109438 $eDDC23BSB 045F/01 $a930.1 045F/03 $g438 045Z $8LF 8790 [Tkv] $9409865818 lok: 38460148 24 exp: 38460148 24 1 #EPN 201B/01 $018-02-19 $t08:08:29.000 201C/01 $012-07-16 201U/01 $0utf8 203@/01 $0777817276 208@/01 $a02-11-18 $bz 209A/01 $a19.00514 $du $f050 $h19 00514 $x00 209C/01 $a19.00514 T $h19 00514 T 209G/01 $a73835089 $x00 220C/01 $ajwa/bar 247C/01 $8358050-7Marburg, Bibliothek des Herder-Instituts Marburg $9102600961 lok: 38460148 78 exp: 38460148 78 1 #EPN 201B/01 $004-06-19 $t10:13:03.000 201C/01 $004-06-19 201U/01 $0utf8 203@/01 $0105234917X 208@/01 $a04-06-19 $be 209A/01 $a/ $f000 $x00 209A/01 $ab*p $x01 220C/01 $aeja 244Z/01 $#Pommern $#Pommern $#Herzogtum Pommern $#Herzogthum Pommern $#Provinz Pommern $#Pomorze $74046744-2 $8--Tg1--Pommern $x06 $9085130354 247C/01 $82080>Marburg/Lahn, Herder-Institut, Forschungsbibliothek, Bibliographieportal $9336309341
| LEADER | 00000cam a2200000 c 4500 | ||
|---|---|---|---|
| 001 | 384601480 | ||
| 003 | DE-603 | ||
| 005 | 20251215092706.0 | ||
| 007 | tu | ||
| 008 | 160712s2015 xx |||| | u00||u|pol c | ||
| 020 | |z 9788363365370 | ||
| 035 | |a (DE-599)BVBBV043660917 | ||
| 040 | |a DE-603 |b ger |c DE-603 |d DE-603 | ||
| 041 | |a pol |a eng | ||
| 082 | 0 | 4 | |8 1\u |a 930.109438 |q DE-101 |2 23/BSB |
| 084 | |a LF 8790 |0 (DE-625)92051: |0 (DE-603)409865818 |2 rvk | ||
| 085 | |8 1\u |b 930.1 | ||
| 085 | |8 1\u |z 2 |s 438 | ||
| 100 | 1 | |a Kozłowska-Skoczka, Dorota |e Verfasser |4 aut |0 (DE-603)21919873X | |
| 245 | 0 | 0 | |a We̢drówki archeologiczne po ziemi łobeskiej |b Muzeum Narodowe w Szczecinie ... 19.11.2015 - 15.02.201 = Archaeological tour in Łobez land |c Dorota Kozłowska, Sławomir Słowiński; tłumaczenie: Dorota Gonczaronek |
| 264 | 1 | |a Szczecin |b Muzeum Narodowe w Szczecinie |c 2015 | |
| 300 | |a 90 Seiten |b Illustrationen |c 24 cm | ||
| 336 | |a Text |b txt |2 rdacontent | ||
| 337 | |a ohne Hilfsmittel zu benutzen |b n |2 rdamedia | ||
| 338 | |a Band |b nc |2 rdacarrier | ||
| 490 | 0 | |a Pomorskie zbiory archeologiczne Muzeum Narodowego w Szczecinie |v Tom 3 | |
| 650 | 7 | |a Funde |0 (DE-588)4071507-3 |0 (DE-603)085201480 |2 gnd | |
| 651 | 7 | |a Labes |0 (DE-588)4322842-2 |0 (DE-603)086782517 |2 gnd | |
| 700 | 1 | |a Słowiński, Sławomir |e Verfasser |4 aut |0 (DE-603)444517170 | |
| 700 | 1 | |a Gonczaronek, Dorota |e Übersetzer |4 oth |0 (DE-603)444517200 | |
| 856 | 4 | 2 | |m V:DE-603;B:DE-Mb50 |q application/pdf |u https://scans.hebis.de/HEBCGI/show.pl?38460148_toc.pdf |3 Inhaltsverzeichnis |
| 924 | 0 | |9 Mb 50 |a (DE-603)777817276 |b DE-Mb50 |c HES |d c |g 19.00514 | |
| 924 | 0 | |9 2080 |a (DE-603)105234917X |b DE-2080 |c HES |d d |g / | |


